Гражданский кодекс Российской Федерации (Запись № 10055097)

Подробности
000 -МАРКЕР
контрольное поле 02176nam0a2200385 i 4500
001 - ИДЕНТИФИКАТОР ЗАПИСИ
контрольное поле RU\NLR\BIBL_A\010778588
005 - ИДЕНТИФИКАТОР ВЕРСИИ
контрольное поле 20260409063356.0
010 ## - МЕЖДУНАРОДНЫЙ СТАНДАРТНЫЙ НОМЕР КНИГИ (ISBN)
Номер (ISBN) 9785835410927
Тираж 1100
021 ## - НОМЕР ГОСУДАРСТВЕННОЙ РЕГИСТРАЦИИ
Код страны российская федерация
Номер 2015-31352
Номер Листа государственной регистраци 1863
035 ## - ДРУГИЕ СИСТЕМНЫЕ НОМЕРА
Идентификатор записи (NILC)RuMoRGB-007918105
035 ## - ДРУГИЕ СИСТЕМНЫЕ НОМЕРА
Идентификатор записи (NLR Aleph) 010778588
100 ## - ДАННЫЕ ОБЩЕЙ ОБРАБОТКИ
Данные общей обработки 20150608d2015 k y0rusy50 ca
101 0# - ЯЗЫК РЕСУРСА
Язык текста, звукозаписи и т.д. русский
102 ## - СТРАНА ПУБЛИКАЦИИ ИЛИ ПРОИЗВОДСТВА
Страна публикации российская федерация
105 ## - ПОЛЕ КОДИРОВАННЫХ ДАННЫХ: ТЕКСТОВЫЕ МАТЕРИАЛЫ, МОНОГРАФИЧЕСКИЕ
Кодированные данные о монографическом текстовом документе y z 000yy
200 1# - ЗАГЛАВИЕ И СВЕДЕНИЯ ОБ ОТВЕТСТВЕННОСТИ
Основное заглавие Гражданский кодекс Российской Федерации
Наименование части Патентное право
-- Право на селекционные достижения
Сведения, относящиеся к заглавию постатейный комментарий к главам 72 и 73
Первые сведения об ответственности [Всеволожский Кирилл Владимирович и др.]
Последующие сведения об ответственности под ред. П. В. Крашенинникова
210 ## - ПУБЛИКАЦИЯ, РАСПРОСТРАНЕНИЕ И ДР.
Место издания, распространения и т.д. Москва
Имя издателя, распространителя и т. д. Статут
Дата издания, распространения и т.д. 2015
215 ## - ФИЗИЧЕСКАЯ ХАРАКТЕРИСТИКА
Специфическое обозначение материала и объем 443 с.
Размеры 21
225 1# - СЕРИЯ
Основное заглавие серии Новеллы гражданского законодательства
320 ## - ПРИМЕЧАНИЯ О НАЛИЧИИ В ДОКУМЕНТЕ БИБЛИОГРАФИИ / УКАЗАТЕЛЯ
Текст примечания Библиогр. в подстроч. примеч.
606 1# - НАИМЕНОВАНИЕ ТЕМЫ КАК ПРЕДМЕТ
Наименование темы Патентное право
Формальный подзаголовок Законодательные материалы
-- Комментарии
Географический подзаголовок Российская Федерация
Системный номер авторитетной/нормативной записи 2084954
Идентификатор авторитетной/нормативной записи RU\NLR\AUTH\661261056
606 1# - НАИМЕНОВАНИЕ ТЕМЫ КАК ПРЕДМЕТ
Наименование темы Селекция
Формальный подзаголовок Законодательные материалы
-- Комментарии
Тематический подзаголовок Правовая охрана
Географический подзаголовок Российская Федерация
Системный номер авторитетной/нормативной записи 2615701
Идентификатор авторитетной/нормативной записи RU\NLR\AUTH\661552260
610 0# - НЕКОНТРОЛИРУЕМЫЕ ПРЕДМЕТНЫЕ ТЕРМИНЫ
Предметный термин патентное право
610 0# - НЕКОНТРОЛИРУЕМЫЕ ПРЕДМЕТНЫЕ ТЕРМИНЫ
Предметный термин право на селекционные достижения
686 1# - ИНДЕКСЫ ДРУГИХ КЛАССИФИКАЦИЙ
Индекс Х623.4-39(2Р)
686 1# - ИНДЕКСЫ ДРУГИХ КЛАССИФИКАЦИЙ
Индекс Х623.31-39(2Р)
702 #1 - ИМЯ ЛИЦА - ВТОРИЧНАЯ ОТВЕТСТВЕННОСТЬ
Код отношения Составитель
Материалы, к которым относится поле rus
Графика поля Кириллица
Начальный элемент ввода Всеволожский
Часть имени, кроме начального элемента ввода К. В.
Даты 1961-
Расширение инициалов личного имени Кирилл Владимирович
Идентификатор авторитетной/нормативной записи RU\NLR\AUTH\7745958
Системный номер авторитетной/нормативной записи 28893
702 #1 - ИМЯ ЛИЦА - ВТОРИЧНАЯ ОТВЕТСТВЕННОСТЬ
Код отношения Редактор
Материалы, к которым относится поле rus
Графика поля Кириллица
Начальный элемент ввода Крашенинников
Часть имени, кроме начального элемента ввода П. В.
Даты 1964-
Расширение инициалов личного имени Павел Владимирович
Идентификатор авторитетной/нормативной записи RU\NLR\AUTH\77659
Системный номер авторитетной/нормативной записи 110701
741 #1 - УСЛОВНОЕ НАИМЕНОВАНИЕ / ЗАГЛАВИЕ ДЛЯ ЗАКОНОДАТЕЛЬНЫХ И РЕЛИГИОЗНЫХ ТЕКСТОВ - АЛЬТЕРНАТИВНАЯ ОТВЕТСТВЕННОСТЬ
Начальный элемент ввода Российская Федерация
Обозначение вида документа Законы
Название раздела или части Гражданский кодекс
Идентификатор авторитетной/нормативной записи RU\NLR\AUTH\880379476
-- 425336
801 #0 - ИСТОЧНИК ЗАПИСИ
Страна российская федерация
Организация РГБ
Дата составления 20150423
Правила каталогизации RCR
942 ## - ДОПОЛНИТЕЛЬНЫЕ ЭЛЕМЕНТЫ ЗАПИСИ (АБИС)
Тип экземпляра АБИС Книга
980 ## - КОЛЛЕКЦИЯ
Название коллекции НБР

Нет доступных экземпляров.